Programy a hospodárskopolitické opatrenia štátu na podporu adaptácie podnikovej sféry.
Pozitívny vplyv vhodne volených štátnych programov na transformačný proces. Časový predstih opatrení českej vlády na podporu podnikovej sféry. Požiadavky na vytvorenie systému štátnej podpory exportu.
Saved in:
| Main Author: | |
|---|---|
| Format: | Book Chapter |
| Language: | Slovak |
| Subjects: | |
| Tags: |
No Tags, Be the first to tag this record!
|
MARC
| LEADER | 00000naa a2200000 4500 | ||
|---|---|---|---|
| 001 | r008458 | ||
| 005 | 20220831090057.2 | ||
| 041 | 0 | |a slo | |
| 044 | |a [CS] | ||
| 245 | 1 | 0 | |a Programy a hospodárskopolitické opatrenia štátu na podporu adaptácie podnikovej sféry. |c K. Mikušová |
| 520 | |a Pozitívny vplyv vhodne volených štátnych programov na transformačný proces. Časový predstih opatrení českej vlády na podporu podnikovej sféry. Požiadavky na vytvorenie systému štátnej podpory exportu. | ||
| 610 | 2 | 0 | |a štát-podnik |
| 610 | 2 | 0 | |a politika hospodárska |
| 610 | 2 | 0 | |a zmeny štruktúrne |
| 610 | 2 | 0 | |a hospodárstvo trhové |
| 610 | 2 | 0 | |a programy vládne |
| 610 | 2 | 0 | |a podnik |
| 610 | 2 | 0 | |a adaptácia |
| 610 | 2 | 0 | |a programy rozvojové |
| 610 | 2 | 0 | |a Slovensko |
| 100 | 1 | |a Mikušová, K. | |